| 000 | 02045nam a2200409 c 4500 | ||
|---|---|---|---|
| 003 | BLK | ||
| 005 | 20190418125703.0 | ||
| 008 | 180408b bul|||||r ||||||| ||bul|| | ||
| 010 | _aKNG00075716000 | ||
| 020 |
_a978-954-8401-58-6 _bиздат.: Тракия-М |
||
| 040 | _aBLK | ||
| 041 |
_aBUL _cBUL |
||
| 080 |
_aТуризмът от стопанско гледище. Политика по отношение на туризма. Икономика и организация на туризма. Вътрешен и международен туризъм. Вж и 379.8 _b338.48 _x(075.8) _z338.48(075.8) |
||
| 080 |
_aХотели _b640.412 _x(075.8) _z640.412(075.8) |
||
| 080 |
_aСтолове, ресторанти, кафенета, бюфети и др. _b640.43 _x(075.8) _z640.43(075.8) |
||
| 100 | 1 |
_aРибов, Манол Николов _eпърви автор _9368498 |
|
| 139 |
_aРесторантьорство и хотелиерство _bР 53 |
||
| 245 | 1 | 0 |
_aРесторантьорство и хотелиерство _cМанол Николов Рибов. |
| 257 | _aBGR | ||
| 260 |
_аСофия _bТракия-М _c2007 |
||
| 300 |
_a683 с. _bс табл. _c26 см |
||
| 380 | _a62 | ||
| 500 | _aДруги авт. : М. Станкова, П. Димитров, Л. Гръчка. - Офс. изд. | ||
| 650 | 4 |
_aСтопански туризъм - икономика и организация - учебници за ВУЗ _9243762 |
|
| 650 | 4 |
_aТуристическо обслужване - учебници за ВУЗ _9249970 |
|
| 650 | 4 |
_aХотелиерство - икономика и организация - учебници за ВУЗ _9260018 |
|
| 653 | _aтуризъм | ||
| 653 | _aстопански туризъм | ||
| 653 | _aхотелиерство | ||
| 653 | _aресторантьорство | ||
| 653 | _aучебници за ВУЗ | ||
| 852 | _aЦб ІІ 14618 | ||
| 856 | 4 |
_qpdf _u |
|
| 856 | 4 |
_qpdf _u |
|
| 942 |
_cKNG _n0 _04 |
||
| 944 |
_aCR _c14.06.2007 _kВаля_Йорданова |
||
| 944 |
_aED _c29.10.2007 _k |
||
| 999 |
_c71348 _d71348 |
||